000 00301nam a22001337a 4500
008 170526b xxu||||| |||| 00| 0 eng d
020 _a0824789166
041 _aeng
080 _a621.38
100 _a25
101 _aIN
245 _aHANDBOOK OF ELECTRIC MOTORS
_cENGELMAN.R.H
942 _2udc
_cBK
999 _c14385
_d14385